00375nam a2200145Ia 4500008004100000082001700041100001600058245005000074250000800124260002900132300001300161500002400174650001600198700001500214230524s9999 xx 000 0 und d a621.382bTHE aB.L.Theraja 0aPrinciples of Electronic Devices and Circuits a1ST aNEW DELHIbS.Chandc2005 aVIII;592 aQuantity Number: 5 aElectronics a R.S.Sedha